00710nam a2200205 a 450000100100000000500170001000800410002704000130006808200200008110000240010124500430012526000360016830000230020450000740022765000280030165000310032904900090036095201180036999900170048700001036920240412074217.0091006s1996 dr 000 p spa d aDO-SdBNP aRD861.44bG463g1 aGil, Orlando92538110aGeografía de ternura /cOrlando Gil. aSanto Domingo :bLozano,c1996. a150 p. : ;c21 cm. aIncluye datos biográficos del autor en la contra portada del libro. 0aPoesía dominicana966 0aLiteratura dominicana.967 aBNPD 0010718PDaPDbPDcCTd2009-10-06iLF1l0oRD861.44 G463gp10369-10r2020-06-25w2020-06-25yLFPDZNo se presta c10128d10128